[Event "DM 2026 G7 B"]
[Site "Svendborg"]
[Date "2026.04.05"]
[Round "6.14"]
[White "Hansen, Erik Olsgaard"]
[Black "Christensen, Astrid Bigum"]
[Result "0-1"]
[WhiteElo "1938"]
[BlackElo "1836"]
[WhiteFideId "1416170"]
[BlackFideId "1476564"]
[EventDate "2026.03.31"]
[EventType "swiss"]
[EventRounds "7"]
[EventCountry "DEN"]
[SourceTitle "Live v. Kasper Jerwiarz"]

1. e4 c5 2. Nf3 d6 3. Bb5+ Bd7 4. Bxd7+ Qxd7 5. c4 Nc6 6. d4 cxd4 7. Nxd4 Nf6 8. Nc3 g6 9. f3 Bg7 10. Be3 Rc8 11. b3 O-O 12. O-O h5 13. Rc1 Kh7 14. Qd2 Rh8 15. Rcd1 Kg8 16. Nxc6 bxc6 17. e5 Ne8 18. exd6 Qxd6 19. Ne4 Qxd2 20. Rxd2 f5 21. Nc5 Nd6 22. Ne6 Bf6 23. Bxa7 Kf7 24. Re2 c5 25. Kh1 Nb7 26. Rd1 Rc6 27. Rd7 Rxe6 28. Rxe6 Kxe6 29. Rxb7 Rd8 30. Kg1 Rd1+ 31. Kf2 Bd4+ 32. Ke2 Rg1 33. b4 Rxg2+ 34. Kd3 Kd6 35. b5 e5 36. Bb8+ Ke6 37. Ra7 e4+ 38. fxe4 fxe4+ 39. Kxe4 Re2+ 40. Kf3 Rc2 41. b6 g5 42. h3 Kf5 43. Rf7+ Ke6 44. Rh7 Kf5 45. Rxh5 Kg6 46. Rh8 Rg2 0-1

[Event "DM 2026 G7 B"]
[Site "Svendborg"]
[Date "2026.04.05"]
[Round "6.15"]
[White "Sejersen, Christian"]
[Black "Haakonsen, Magnus"]
[Result "1-0"]
[WhiteElo "1916"]
[BlackElo "1913"]
[WhiteFideId "1441060"]
[BlackFideId "1485261"]
[EventDate "2026.03.31"]
[EventType "swiss"]
[EventRounds "7"]
[EventCountry "DEN"]
[SourceTitle "Live v. Kasper Jerwiarz"]

1. Nf3 d5 2. g3 c5 3. Bg2 Nf6 4. O-O e6 5. d3 Be7 6. Nbd2 Nc6 7. e4 O-O 8. Re1 b5 9. e5 Nd7 10. Nf1 a5 11. h4 b4 12. h5 h6 13. N1h2 a4 14. a3 bxa3 15. bxa3 Rb8 16. Ng4 Kh7 17. Bf4 Ba6 18. Qc1 Rh8 19. Rb1 Rxb1 20. Qxb1 c4 21. d4 Qb6 22. Qxb6 Nxb6 23. Rb1 Rb8 24. Bc1 Na7 25. Ne3 Nb5 26. Ra1 Nc8 27. Bb2 c3 28. Bc1 Nca7 29. Bf1 Rc8 30. Ng2 Kg8 31. Nge1 Kf8 32. Nd3 Ke8 33. Nb4 Bb7 34. Be3 Kd7 35. Ne1 Kc7 36. f4 Kb6 37. Ned3 Ka5 38. g4 Nxa3 39. Rxa3 Bxb4 40. Nxb4 Kxb4 41. Ra1 Ka5 42. f5 Nc6 43. Be2 Nb4 44. Bd1 Rh8 45. Kf2 1-0

[Event "DM 2026 G7 B"]
[Site "Svendborg"]
[Date "2026.04.05"]
[Round "6.16"]
[White "Hansen, Aksel"]
[Black "Rasmussen, Johnny Koust"]
[Result "1/2-1/2"]
[WhiteElo "1832"]
[BlackElo "1877"]
[WhiteFideId "1412213"]
[BlackFideId "1422383"]
[EventDate "2026.03.31"]
[EventType "swiss"]
[EventRounds "7"]
[EventCountry "DEN"]
[SourceTitle "Live v. Kasper Jerwiarz"]

1. d4 Nf6 2. h3 e6 3. Nf3 b6 4. Bg5 d5 5. e3 Be7 6. Bd3 O-O 7. Nbd2 Bb7 8. c3 Ne4 9. Bxe7 Qxe7 10. Qc2 f5 11. O-O Nd7 12. c4 Rac8 13. Rac1 c5 14. cxd5 cxd4 15. Qa4 Nxd2 16. Nxd2 dxe3 17. fxe3 Nc5 18. Qd4 Bxd5 19. Bxf5 Qg5 20. Be4 Rfd8 21. Nf3 Qe7 22. Bxd5 Rxd5 23. Qc3 Rcd8 24. b4 Ne4 25. Qc7 Qxc7 26. Rxc7 R5d7 27. Rc6 Rd6 28. Nd4 e5 29. Nf5 Rf6 30. Rc7 g6 31. Ne7+ Kf8 32. Rxf6+ Nxf6 33. Nc6 Rd1+ 34. Kh2 Rc1 35. Rc8+ Kg7 36. Nxa7 Ra1 37. Rc7+ Kg8 38. Rc8+ 1/2-1/2

[Event "DM 2026 G7 B"]
[Site "Svendborg"]
[Date "2026.04.05"]
[Round "6.17"]
[White "Lehd, Rasmus"]
[Black "Terkildsen, Dan"]
[Result "1-0"]
[WhiteElo "1903"]
[BlackElo "1879"]
[WhiteFideId "1461206"]
[BlackFideId "1466550"]
[EventDate "2026.03.31"]
[EventType "swiss"]
[EventRounds "7"]
[EventCountry "DEN"]
[SourceTitle "Live v. Kasper Jerwiarz"]

1. d4 d5 2. c4 e6 3. Nc3 Nf6 4. Bg5 Be7 5. e3 O-O 6. Nf3 b6 7. Bxf6 Bxf6 8. cxd5 exd5 9. Rc1 a6 10. g3 Bb7 11. Bg2 Re8 12. O-O Qd6 13. Qb3 Nd7 14. Bh3 Re7 15. Rfd1 Rd8 16. Bxd7 Qxd7 17. Na4 Bc6 18. Nc3 Bb7 19. Ne2 Re6 20. Nf4 Rc6 21. Nh5 Qf5 22. Rxc6 Bxc6 23. Nxf6+ Qxf6 24. Rc1 Bb5 25. Ne5 c5 26. a4 c4 27. Qb4 Bd7 28. b3 b5 29. Nxd7 Rxd7 30. axb5 axb5 31. Qxb5 Rd8 32. bxc4 dxc4 33. Qxc4 g6 34. Qc6 Rd6 35. Qe8+ Kg7 36. Rc8 Kh6 37. Qf8+ Kh5 38. Rc7 Qf3 39. Qxd6 1-0

[Event "DM 2026 G7 B"]
[Site "Svendborg"]
[Date "2026.04.05"]
[Round "6.18"]
[White "Strachan, Christian C"]
[Black "Emborg, Linus"]
[Result "1/2-1/2"]
[WhiteElo "1867"]
[BlackElo "1881"]
[WhiteFideId "1417215"]
[BlackFideId "1477285"]
[EventDate "2026.03.31"]
[EventType "swiss"]
[EventRounds "7"]
[EventCountry "DEN"]
[SourceTitle "Live v. Kasper Jerwiarz"]

1. c4 b6 2. Nc3 Bb7 3. e4 e6 4. d4 Bb4 5. f3 f5 6. exf5 exf5 7. Qe2+ Qe7 8. Bg5 Qxe2+ 9. Nxe2 Nc6 10. O-O-O h6 11. Bh4 g5 12. Bf2 O-O-O 13. Nd5 Bf8 14. Ng3 Nge7 15. Nxe7+ Nxe7 16. d5 d6 17. Bd4 Rh7 18. Bd3 Rf7 19. Rhe1 f4 20. Nh5 c6 21. dxc6 Bxc6 22. Bf6 Kc7 23. Be4 Rd7 24. Bc3 Bxe4 25. Rxe4 Nf5 26. Nf6 Rd8 27. Nd5+ Kd7 28. Rde1 Ne7 29. Nf6+ Kc6 30. Re6 Nf5 31. Nd5 Bg7 32. Bxg7 Rxg7 33. Ne7+ Nxe7 34. Rxe7 Rd7 35. R7e6 Rh7 36. h3 h5 37. Kc2 Kc5 38. b3 a5 39. Rd1 Rhg7 40. Rd5+ Kc6 41. Kc3 g4 42. Rxh5 gxf3 43. gxf3 Rg3 44. Rf6 Rxf3+ 45. Kd4 Rf1 46. h4 f3 47. Rhf5 Rh7 48. Rf4 Rh1 1/2-1/2

[Event "DM 2026 G7 B"]
[Site "Svendborg"]
[Date "2026.04.05"]
[Round "6.19"]
[White "Bjerg, Sigurd"]
[Black "Kokholm, Daniel"]
[Result "0-1"]
[WhiteElo "1758"]
[BlackElo "1843"]
[WhiteFideId "1480170"]
[BlackFideId "1407155"]
[EventDate "2026.03.31"]
[EventType "swiss"]
[EventRounds "7"]
[EventCountry "DEN"]
[SourceTitle "Live v. Kasper Jerwiarz"]

1. e4 d6 2. d4 Nf6 3. Nc3 e5 4. dxe5 dxe5 5. Qxd8+ Kxd8 6. Bc4 Be6 7. Bxe6 fxe6 8. Be3 Bd6 9. O-O-O Ke7 10. f3 a6 11. Nge2 b5 12. a3 Nc6 13. Kb1 Rhb8 14. Na2 Na5 15. Nac1 Nc4 16. Bf2 a5 17. Ka2 Nd7 18. Nd3 Ra6 19. Nec1 c5 20. b3 Ncb6 21. Nb2 a4 22. bxa4 Nxa4 23. Nxa4 Rxa4 24. Bh4+ Nf6 25. c3 c4 26. Kb2 Rba8 27. Rhe1 Bxa3+ 28. Kc2 Bxc1 29. Rxc1 Ra2+ 30. Kd1 Rd8# 0-1

[Event "DM 2026 G7 B"]
[Site "Svendborg"]
[Date "2026.04.05"]
[Round "6.20"]
[White "Vo, Charlie"]
[Black "Gottschalck, Christian"]
[Result "1-0"]
[WhiteElo "1838"]
[BlackElo "1829"]
[WhiteFideId "1477706"]
[BlackFideId "1428357"]
[EventDate "2026.03.31"]
[EventType "swiss"]
[EventRounds "7"]
[EventCountry "DEN"]
[SourceTitle "Live v. Kasper Jerwiarz"]

1. e4 d5 2. exd5 Nf6 3. d4 Nxd5 4. c4 Nf6 5. g3 c6 6. Bg2 Bf5 7. Ne2 e6 8. Qb3 Qd7 9. Nbc3 Na6 10. a3 Be7 11. O-O O-O 12. Bf4 Rfd8 13. Rfd1 Qc8 14. d5 Nc5 15. Qa2 Nce4 16. Nxe4 Nxe4 17. Nd4 exd5 18. cxd5 cxd5 19. Rac1 Qd7 20. Rc7 1-0

[Event "DM 2026 G7 B"]
[Site "Svendborg"]
[Date "2026.04.06"]
[Round "7.12"]
[White "Christensen, Astrid Bigum"]
[Black "Bruntse, Kathrine Lindegaard"]
[Result "1/2-1/2"]
[WhiteElo "1836"]
[BlackElo "1928"]
[WhiteFideId "1476564"]
[BlackFideId "1472283"]
[EventDate "2026.03.31"]
[EventType "swiss"]
[EventRounds "7"]
[EventCountry "DEN"]
[SourceTitle "Live v. Kasper Jerwiarz"]

1. d4 d5 2. c4 c6 3. Nf3 Nf6 4. Nc3 e6 5. Bg5 Nbd7 6. e3 Bb4 7. a3 Bxc3+ 8. bxc3 Qa5 9. Qb3 Ne4 10. Qb4 Qxb4 11. cxb4 Nxg5 12. Nxg5 h6 13. Nf3 dxc4 14. Bxc4 b6 15. Ke2 Bb7 16. Rhd1 Ke7 17. Nd2 c5 18. dxc5 bxc5 19. f3 1/2-1/2

[Event "DM 2026 G7 B"]
[Site "Svendborg"]
[Date "2026.04.06"]
[Round "7.13"]
[White "Sejersen, Christian"]
[Black "Vehl, Tina"]
[Result "0-1"]
[WhiteElo "1916"]
[BlackElo "1919"]
[WhiteFideId "1441060"]
[BlackFideId "1418262"]
[EventDate "2026.03.31"]
[EventType "swiss"]
[EventRounds "7"]
[EventCountry "DEN"]
[SourceTitle "Live v. Kasper Jerwiarz"]

1. Nf3 d5 2. g3 Nf6 3. Bg2 g6 4. O-O Bg7 5. c4 c6 6. b3 O-O 7. Bb2 Bf5 8. h3 Re8 9. d3 h5 10. Nbd2 Qc8 11. Kh2 Na6 12. Rc1 Qd8 13. a3 Rc8 14. b4 Nc7 15. Qb3 a6 16. Rfe1 Bh6 17. Rcd1 Bg7 18. Ne5 d4 19. c5 Be6 20. Qc2 Nd7 21. Nec4 Nb5 22. Na5 Qc7 23. Nf3 Bd5 24. a4 Nc3 25. Bxc3 dxc3 26. e4 Be6 27. d4 b6 28. cxb6 Nxb6 29. Re3 Qd6 30. Rxc3 Qxb4 31. Nxc6 Qxa4 32. Qxa4 Nxa4 33. Rcc1 Bd7 34. Nfe5 Bxe5 35. Nxe5 Bb5 36. d5 Kg7 37. Nc6 Rc7 38. Nd4 Nc3 39. Nxb5 axb5 40. Rd2 Rb8 41. e5 Nxd5 42. Rxc7 Nxc7 43. Rd7 Ne6 44. Rxe7 b4 45. Bd5 Kf8 46. Ra7 b3 47. Ra1 b2 48. Rb1 Nd4 49. Be4 Ne2 50. Re1 Nc3 51. Bb1 Nxb1 52. Rxb1 Ke7 53. Kg2 Ke6 54. f4 Kd5 55. Kf2 Kd4 56. Ke2 Kc3 57. Kd1 Rd8+ 0-1

[Event "DM 2026 G7 B"]
[Site "Svendborg"]
[Date "2026.04.06"]
[Round "7.14"]
[White "Knudsen, Joachim Holm"]
[Black "Hansen, Erik Olsgaard"]
[Result "1-0"]
[WhiteElo "1896"]
[BlackElo "1938"]
[WhiteFideId "1425722"]
[BlackFideId "1416170"]
[EventDate "2026.03.31"]
[EventType "swiss"]
[EventRounds "7"]
[EventCountry "DEN"]
[SourceTitle "Live v. Kasper Jerwiarz"]

1. d4 d6 2. Nf3 Nf6 3. g3 Nbd7 4. Nbd2 e5 5. e4 Be7 6. Bg2 O-O 7. O-O c6 8. Re1 b5 9. b3 Qc7 10. Bb2 Bb7 11. c4 a6 12. Rc1 Rad8 13. Qe2 b4 14. c5 d5 15. exd5 Nxd5 16. Nxe5 Nxe5 17. dxe5 Bc8 18. Ne4 Qa7 19. Nd6 f6 20. Be4 fxe5 21. Bxe5 Bf6 22. Bxf6 Rxf6 23. Bxd5+ cxd5 24. Qe7 Qd7 25. Qxd7 Bxd7 26. Re7 Bg4 27. f4 d4 28. Rc4 d3 29. Rd4 Be2 30. Kf2 g5 31. f5 Kf8 32. Rxh7 Kg8 33. Ra7 g4 34. Ke3 Rff8 35. c6 Rf6 36. c7 1-0

[Event "DM 2026 G7 B"]
[Site "Svendborg"]
[Date "2026.04.06"]
[Round "7.15"]
[White "Rasmussen, Johnny Koust"]
[Black "Lehd, Rasmus"]
[Result "0-1"]
[WhiteElo "1877"]
[BlackElo "1903"]
[WhiteFideId "1422383"]
[BlackFideId "1461206"]
[EventDate "2026.03.31"]
[EventType "swiss"]
[EventRounds "7"]
[EventCountry "DEN"]
[SourceTitle "Live v. Kasper Jerwiarz"]

1. e4 c5 2. Nc3 d6 3. g3 Nc6 4. Bg2 g6 5. d3 Bg7 6. f4 e5 7. Nf3 Bg4 8. h3 Bxf3 9. Bxf3 exf4 10. Bxf4 Be5 11. Bxe5 Nxe5 12. O-O Ne7 13. Bg2 O-O 14. g4 Rb8 15. Ne2 N7c6 16. c3 Qb6 17. Qd2 Nxd3 18. Rab1 Rbd8 19. Ng3 Nde5 20. Qg5 Rd7 21. Nh5 Qd8 22. Nf6+ Kg7 23. h4 Rc7 24. Nh5+ Kh8 25. Nf6 Nd7 26. h5 Nxf6 27. Rxf6 Ne5 28. Rbf1 Nd7 29. hxg6 Kg8 30. gxf7+ Kh8 31. e5 Nxf6 32. exf6 Rcxf7 33. Be4 Rxf6 34. Bf5 Rxf5 35. Rxf5 Qxg5 36. Rxg5 Rg8 37. Rxg8+ Kxg8 38. Kf2 Kf7 39. Ke3 Ke6 40. Ke4 d5+ 41. Kf4 h6 42. a3 a5 43. b3 b5 44. a4 bxa4 45. bxa4 Kf6 46. Kf3 Ke5 47. Ke3 d4+ 48. Kd3 dxc3 49. Kxc3 Kf4 50. Kc4 Kxg4 51. Kxc5 h5 52. Kb5 h4 53. Kxa5 h3 54. Kb6 h2 55. a5 h1=Q 56. a6 Qa8 0-1

[Event "DM 2026 G7 B"]
[Site "Svendborg"]
[Date "2026.04.06"]
[Round "7.16"]
[White "Christensen, Michael"]
[Black "Hansen, Aksel"]
[Result "0-1"]
[WhiteElo "1872"]
[BlackElo "1832"]
[WhiteFideId "1463667"]
[BlackFideId "1412213"]
[EventDate "2026.03.31"]
[EventType "swiss"]
[EventRounds "7"]
[EventCountry "DEN"]
[SourceTitle "Live v. Kasper Jerwiarz"]

1. e4 c5 2. d4 cxd4 3. c3 g6 4. cxd4 Bg7 5. Nf3 d6 6. Be2 Nf6 7. Nc3 a6 8. h3 O-O 9. O-O b5 10. a3 Bb7 11. Qd3 Nc6 12. Be3 Na5 13. Nd2 Nc4 14. Nxc4 bxc4 15. Qc2 Rc8 16. f3 d5 17. e5 Nh5 18. Kh2 f6 19. f4 fxe5 20. fxe5 Qc7 21. Bxh5 gxh5 22. Qd2 e6 23. Kh1 Bc6 24. Bh6 Rxf1+ 25. Rxf1 Be8 26. Bxg7 Qxg7 27. Rf6 Bf7 28. Qf2 Rf8 29. Na4 Bg6 30. Rxf8+ Qxf8 31. Qxf8+ Kxf8 32. Nc5 Ke7 33. Nxa6 h4 34. Kg1 Bf5 35. Kf2 Kd7 36. g3 hxg3+ 37. Kxg3 Kc6 38. h4 Kb5 39. Nb4 Ka4 40. Kf4 Bh3 41. Nc2 Kb3 42. Ne3 Kxb2 43. a4 c3 44. a5 Bf1 45. Kg5 Kb3 46. Kf6 Kb4 47. Kxe6 Kxa5 48. Kxd5 Kb6 49. Kd6 Kb7 50. Kc5 Bd3 51. e6 Kc8 52. d5 c2 53. Nxc2 Bxc2 54. Kd6 Kd8 55. Ke5 Ke7 56. d6+ Kd8 57. h5 Bd1 58. h6 Bh5 59. Kf6 Ke8 60. Kg7 Bg6 61. Kg8 Bf5 62. e7 Bg6 63. Kg7 Kd7 64. Kf8 Kxd6 65. Kg8 Kd7 0-1

[Event "DM 2026 G7 B"]
[Site "Svendborg"]
[Date "2026.04.06"]
[Round "7.17"]
[White "Kokholm, Daniel"]
[Black "Strachan, Christian C"]
[Result "0-1"]
[WhiteElo "1843"]
[BlackElo "1867"]
[WhiteFideId "1407155"]
[BlackFideId "1417215"]
[EventDate "2026.03.31"]
[EventType "swiss"]
[EventRounds "7"]
[EventCountry "DEN"]
[SourceTitle "Live v. Kasper Jerwiarz"]

1. d4 d5 2. Nf3 Nf6 3. Bf4 e6 4. e3 a6 5. Bd3 Be7 6. c3 Nbd7 7. Nbd2 c6 8. Ne5 Nxe5 9. Bxe5 Bd6 10. f4 c5 11. a4 b6 12. O-O Bb7 13. Qf3 Qe7 14. g4 O-O-O 15. Bxd6 Qxd6 16. g5 Nd7 17. e4 f6 18. e5 Qe7 19. Qg3 h6 20. g6 f5 21. Nf3 Kb8 22. Kh1 Rc8 23. Qe1 Rc7 24. Rg1 Rhc8 25. Qd2 Nf8 26. Qe1 Ka7 27. h4 Nd7 28. h5 Nb8 29. Qd2 Nc6 30. Qf2 cxd4 31. Nxd4 Nxd4 32. cxd4 Qb4 33. Rgd1 Qb3 34. Kg1 a5 35. Qd2 Ba6 36. Ra3 Qxd1+ 37. Qxd1 Rc1 38. Ra1 Rxd1+ 39. Rxd1 Bxd3 40. Rxd3 Rc1+ 41. Kg2 Rc2+ 42. Kh3 Rxb2 43. Rg3 Rb4 44. Rg5 Rxd4 45. Kg3 Rxa4 46. Kf3 b5 47. Ke3 Kb6 48. Kf3 Rc4 0-1

[Event "DM 2026 G7 B"]
[Site "Svendborg"]
[Date "2026.04.06"]
[Round "7.18"]
[White "Emborg, Linus"]
[Black "Vo, Charlie"]
[Result "0-1"]
[WhiteElo "1881"]
[BlackElo "1838"]
[WhiteFideId "1477285"]
[BlackFideId "1477706"]
[EventDate "2026.03.31"]
[EventType "swiss"]
[EventRounds "7"]
[EventCountry "DEN"]
[SourceTitle "Live v. Kasper Jerwiarz"]

1. e4 c5 2. c3 Nf6 3. e5 Nd5 4. d4 d6 5. Nf3 Nc6 6. Be2 g6 7. O-O Bg7 8. exd6 Qxd6 9. Na3 cxd4 10. Nb5 Qd8 11. Nbxd4 Nxd4 12. Nxd4 O-O 13. Bg5 h6 14. Bh4 Qb6 15. Bc4 e6 16. Bb3 Bd7 17. Rc1 Nf4 18. Bg3 e5 19. Bxf4 exf4 20. Qf3 Qc7 21. Bd5 Rab8 22. Rfe1 Rfe8 23. Rxe8+ Rxe8 24. Ne2 Qe5 25. Bc4 g5 26. Qxb7 Re7 27. Nd4 g4 28. Qd5 Qxd5 29. Bxd5 Bxd4 30. cxd4 Re2 31. f3 g3 32. hxg3 fxg3 33. Bc4 Rd2 34. d5 Rxb2 35. Kf1 Kg7 36. Re1 Rc2 37. Bb3 Bb5+ 38. Kg1 Rd2 39. f4 Rf2 40. d6 Bc6 41. d7 Rxg2+ 42. Kf1 Rf2+ 43. Kg1 Rh2 44. Kf1 Rh1+ 45. Ke2 Rxe1+ 46. Kxe1 Bxd7 47. Bc2 Bb5 48. f5 Kf6 0-1

[Event "DM 2026 G7 B"]
[Site "Svendborg"]
[Date "2026.04.06"]
[Round "7.19"]
[White "Gottschalck, Christian"]
[Black "Haakonsen, Magnus"]
[Result "1/2-1/2"]
[WhiteElo "1829"]
[BlackElo "1913"]
[WhiteFideId "1428357"]
[BlackFideId "1485261"]
[EventDate "2026.03.31"]
[EventType "swiss"]
[EventRounds "7"]
[EventCountry "DEN"]
[SourceTitle "Live v. Kasper Jerwiarz"]

1. d4 Nf6 2. Nc3 d5 3. e4 Nxe4 4. Nxe4 dxe4 5. Be3 g6 6. Bc4 Bg7 7. Ne2 Nd7 8. Bb3 Nf6 9. h3 O-O 10. Qd2 b6 11. Bh6 Bb7 12. Bxg7 Kxg7 13. c4 e6 14. O-O c5 15. Rad1 Qc7 16. Qe3 cxd4 17. Nxd4 Qc5 18. Qc3 Rfd8 19. Bc2 Rac8 20. b3 e5 21. Ne2 b5 22. Rxd8 Rxd8 23. Qa5 Rc8 24. Qd2 bxc4 25. bxc4 Qxc4 26. Bb3 Qd3 27. Qb2 e3 28. fxe3 Qxe3+ 29. Kh2 Rc7 30. Bd1 Rd7 31. Qc3 Qe4 32. Qf3 Qxf3 33. gxf3 Bxf3 34. Rxf3 Rxd1 35. Nc3 Rd2+ 36. Kg1 e4 37. Re3 Rd3 38. Kf2 Rxe3 39. Kxe3 g5 40. a4 h5 41. Kd4 h4 42. a5 Kg6 43. Nb5 g4 44. hxg4 h3 1/2-1/2

[Event "DM 2026 G7 B"]
[Site "Svendborg"]
[Date "2026.04.06"]
[Round "7.20"]
[White "Terkildsen, Dan"]
[Black "Bjerg, Sigurd"]
[Result "1-0"]
[WhiteElo "1879"]
[BlackElo "1758"]
[WhiteFideId "1466550"]
[BlackFideId "1480170"]
[EventDate "2026.03.31"]
[EventType "swiss"]
[EventRounds "7"]
[EventCountry "DEN"]
[SourceTitle "Live v. Kasper Jerwiarz"]

1. c4 e6 2. Nf3 d5 3. cxd5 exd5 4. d4 Bf5 5. Nc3 c6 6. Bf4 Bd6 7. Bxd6 Qxd6 8. e3 Nf6 9. Bd3 Ne4 10. Qc2 Qe7 11. Nd2 Nxd2 12. Qxd2 Bxd3 13. Qxd3 Nd7 14. O-O O-O 15. Rac1 Qd6 16. a3 Rae8 17. Na4 f5 18. Nc5 Nxc5 19. Rxc5 Re6 20. b4 Rh6 21. g3 Qg6 22. Kg2 Qg4 23. Rh1 Qh3+ 24. Kg1 g5 25. Qf1 Qh5 26. Rc1 f4 27. Qd1 Qh3 28. Qf1 Qe6 29. Re1 Qf5 30. exf4 gxf4 31. Re5 Qf6 32. g4 Qg7 33. f3 Rhf6 34. Kf2 Qd7 35. Qe2 R8f7 36. h4 Kf8 37. Re1 Rh6 38. Re8+ Kg7 39. Qe5+ Rhf6 40. g5 h6 41. gxf6+ Kh7 42. Re7 1-0

[Event "DM 2026 G7 B"]
[Site "Svendborg"]
[Date "2026.04.02"]
[Round "3"]
[White "Christensen, Michael"]
[Black "Christensen, Astrid Bigum"]
[Result "0-1"]
[WhiteElo "1872"]
[BlackElo "1836"]
[EventDate "2026.03.31"]
[EventType "swiss"]
[EventRounds "7"]
[EventCountry "DEN"]
[SourceTitle "Live v. Kasper Jerwiarz"]

1. e4 c5 2. d4 cxd4 3. c3 dxc3 4. Nxc3 Nc6 5. Nf3 d6 
6. Bc4 e6 7. O-O a6 8. Qe2 b5 9. Bb3 Be7 10. Rd1 Bb7 
11. e5 d5 12. Bxd5 exd5 13. Nxd5 Kf8 14. Nf6 gxf6 15. Rxd8+ Rxd8 
16. Bf4 fxe5 17. Bxe5 Nxe5 18. Qxe5 Bf6 19. Qc7 Bxf3 20. gxf3 Rd5 
21. Qc8+ Kg7 22. Qxa6 Ne7 23. Re1 Ng6 24. Qc6 Rhd8 25. Re8 Nh4 
26. Rxd8 Rxd8 27. Kf1 Ng6 28. Qxb5 Rd2 29. a4 Rxb2 30. Qc4 Ne5 
31. Qe4 Ra2 32. h4 h5 33. Kg2 Ra3 34. f4 Ng6 35. Qb4 Nxh4+ 
36. Kf1 Ra1+ 37. Ke2 Ng6 38. a5 h4 39. Kf3 Ra2 40. Qc4 Rxa5 
41. Kg4 Ra3 42. f3 Ra1 43. Qc5 Ra4 44. Kh3 Nxf4+ 45. Kh2 Ng6 
46. Kh3 Rf4 47. Qe3 Rf5 48. Kh2 Ne5 49. Qg1+ Rg5 50. Qe3 Rg3 
0-1